| 000 | 01606nam0a2200397 4500 | ||
|---|---|---|---|
| 001 | RU\NLR\bibl\101014 | ||
| 005 | 20260406140219.0 | ||
| 010 |
_a5-224-00672-4 _98000 |
||
| 021 |
_aRU _b2000-10774 _9536 |
||
| 035 | _a(NLR Aleph) 000098781 | ||
| 090 |
_a557021 _c557021 |
||
| 100 | _a20000731d2000 |||y0rusy50 ca | ||
| 101 | 0 | _arus | |
| 102 | _aRU | ||
| 105 | _aa ||||||||| | ||
| 200 | 1 |
_aНаполеон и Россия _fВладлен Сироткин |
|
| 210 |
_aМ. _cОЛМА-ПРЕСС _d2000 |
||
| 215 |
_a379,[1] с., [8] л. ил., цв. ил., портр. _d20 |
||
| 225 | 1 | _aСерия "Историческое досье" | |
| 300 | _aНа 4-й с. обл. авт.: Сироткин В.Г., д.ист.н., проф. | ||
| 320 | _aБиблиогр.: с. 373-376, в подстроч. прим. и в тексте | ||
| 320 | _aДр. работы авт. на 4-й с. обл. | ||
| 600 | 0 |
_aНаполеон _cимператор французский _dI _f1769 - 1821 _9897604 _3RU\NLR\auth\66325834 |
|
| 606 | 0 |
_aОтечественная война _z1812 _91081525 _3RU\NLR\auth\66103959 |
|
| 686 | _aТ3(2)471-686 | ||
| 686 | _aТ3(4Фр)512-8 | ||
| 700 | 1 |
_aСироткин _bВ. Г. _gВладлен Георгиевич _4070 |
|
| 702 | 0 |
_4570 _7ca _8rus _aНаполеон _cимператор французский _dI _f1769-1821 _9112920 _3RU\NLR\AUTH\772913 |
|
| 801 | 0 |
_aRU _bNLR _c20000731 _gPSBO |
|
| 801 | 1 |
_aRU _bNLR _c20000731 |
|
| 830 | _aАвт. по кн. | ||
| 852 |
_aNLR _j2000-3/7014 |
||
| 942 | _cBOOK | ||
| 980 | _aNB | ||